<?xml version="1.0" encoding="UTF-8"?>
<record
    xmlns:xsi="http://www.w3.org/2001/XMLSchema-instance"
    xsi:schemaLocation="http://www.loc.gov/MARC21/slim http://www.loc.gov/standards/marcxml/schema/MARC21slim.xsd"
    xmlns="http://www.loc.gov/MARC21/slim">

  <leader>00592nam a2200193Ia 4500</leader>
  <controlfield tag="008">220501s2019    xx            000 0 eng d</controlfield>
  <datafield tag="020" ind1=" " ind2=" ">
    <subfield code="a">9789353162931</subfield>
  </datafield>
  <datafield tag="082" ind1=" " ind2=" ">
    <subfield code="a">658.4012 PEA-S</subfield>
  </datafield>
  <datafield tag="100" ind1=" " ind2=" ">
    <subfield code="a">Pearce II, John A.</subfield>
  </datafield>
  <datafield tag="245" ind1=" " ind2="0">
    <subfield code="a">Strategic management : planning for domestic and global competition</subfield>
    <subfield code="c">John A. Pearce II, Richard B. Robinson and Amita Mital</subfield>
  </datafield>
  <datafield tag="250" ind1=" " ind2=" ">
    <subfield code="a">15th ed.</subfield>
  </datafield>
  <datafield tag="260" ind1=" " ind2=" ">
    <subfield code="a">chennai</subfield>
    <subfield code="b">McGraw Hill</subfield>
    <subfield code="c">2019</subfield>
  </datafield>
  <datafield tag="300" ind1=" " ind2=" ">
    <subfield code="a">xxv, 798p.</subfield>
  </datafield>
  <datafield tag="650" ind1=" " ind2=" ">
    <subfield code="a">Strategic planning</subfield>
  </datafield>
  <datafield tag="650" ind1=" " ind2=" ">
    <subfield code="a">Strategy</subfield>
  </datafield>
  <datafield tag="700" ind1=" " ind2=" ">
    <subfield code="a">Mital, Amita</subfield>
  </datafield>
  <datafield tag="700" ind1=" " ind2=" ">
    <subfield code="a">Robinson, Richard B.</subfield>
  </datafield>
  <datafield tag="942" ind1=" " ind2=" ">
    <subfield code="2">ddc</subfield>
    <subfield code="c">BK</subfield>
    <subfield code="0">1</subfield>
  </datafield>
  <datafield tag="999" ind1=" " ind2=" ">
    <subfield code="c">18454</subfield>
    <subfield code="d">18454</subfield>
  </datafield>
  <datafield tag="952" ind1=" " ind2=" ">
    <subfield code="0">0</subfield>
    <subfield code="1">0</subfield>
    <subfield code="2">ddc</subfield>
    <subfield code="4">0</subfield>
    <subfield code="7">0</subfield>
    <subfield code="a">SOBD</subfield>
    <subfield code="b">SOBD</subfield>
    <subfield code="d">2019-03-16</subfield>
    <subfield code="e">Vedi Books</subfield>
    <subfield code="g">540.60</subfield>
    <subfield code="o">658.4012 PEA-S1</subfield>
    <subfield code="p">000534</subfield>
    <subfield code="r">2022-07-01</subfield>
    <subfield code="t">1</subfield>
    <subfield code="w">2019-03-15</subfield>
    <subfield code="y">REF</subfield>
    <subfield code="k">1224</subfield>
  </datafield>
  <datafield tag="952" ind1=" " ind2=" ">
    <subfield code="0">0</subfield>
    <subfield code="1">0</subfield>
    <subfield code="2">ddc</subfield>
    <subfield code="4">0</subfield>
    <subfield code="7">0</subfield>
    <subfield code="a">SOBD</subfield>
    <subfield code="b">SOBD</subfield>
    <subfield code="d">2019-03-16</subfield>
    <subfield code="e">Vedi Books</subfield>
    <subfield code="g">540.60</subfield>
    <subfield code="l">1</subfield>
    <subfield code="o">658.4012 PEA-S2</subfield>
    <subfield code="p">000535</subfield>
    <subfield code="r">2024-03-20</subfield>
    <subfield code="s">2022-08-31</subfield>
    <subfield code="t">2</subfield>
    <subfield code="w">2019-03-15</subfield>
    <subfield code="y">BK</subfield>
    <subfield code="k">1224</subfield>
  </datafield>
</record>
